Culture Générale - Série 1840 - Statistiques

Statistiques générales
  • Ce quiz a été pris 128 fois
  • Le résultat moyen est 4 sur 10
Statistiques - réponses
Question Réponse % Correct
Quelle fleur est le symbole de l'Ecosse ? chardon
88%
Quelle écrivaine française a publié en 1920 le roman "Chéri" ? Colette
49%
Dans quel département français se trouve la commune d'Audrix, où se trouve "le gouffre de Proumeyssac" ? Dordogne
49%
Dans quel pays d'Asie se situe la ville d'Ise ? Japon
46%
Complétez le titre du film réalisé en 1968 par Eric Rohmer, avec Françoise Fabian : " Ma nuit chez ... Maud
43%
Quelle espèce d'oiseau est le "biset" ? pigeon
41%
La pomme de terre en image s'appelle : "ratte du .... (nom de ville) Touquet
33%
Quelle est la devise monétaire de l'Afrique du Sud ? rand
27%
Comment appelle-ton la fibre végétale naturelle de coco qui entoure et protège la noix de coco, fruit du cocotier ? coir
4%
Quel col des Vosges sépare la vallée de la Thur de la vallée de la Doller via la Route Joffre ? Hundsruck
1%
Aucun quiz correspondant
Distribution des résultats
% des personnes avec chaque résultat
Percentile par nombre de réponses
Votre historique - résultats
Vous n’avez pas pris ce quiz